| 000 | 00442nam a22001817a 4500 | ||
|---|---|---|---|
| 005 | 20251108172410.0 | ||
| 008 | 250721s9999 xx 000 0 eng d | ||
| 082 | 1 | 4 | _aj/f/hun |
| 100 | 1 | _ahunia, fran | |
| 245 | 1 | 0 | _athree little pigs / |
| 264 | 1 |
_alondon : _bladybird book ltd, _c[19-]. |
|
| 300 | _a49p | ||
| 490 | 0 | _aread it your self | |
| 650 | 1 | 7 | _afiction |
| 700 | 1 |
_alayfield, kathie _eill |
|
| 942 |
_2ddc _cBK |
||
| 999 |
_c78302 _d78302 |
||